[Event "January op"]
[Site "Vancouver CAN"]
[Date "2008.01.13"]
[Round "5.5"]
[White "Soliven, Joe"]
[Black "Botez, Alexandra"]
[Result "1-0"]
[WhiteElo "1985"]
[BlackElo "1818"]
[PlyCount "61"]
[GameId "2160767910549131"]
[EventDate "2008.01.11"]
[EventType "swiss"]
[EventRounds "5"]
[EventCountry "CAN"]

1. b3 d5 2. Bb2 Nf6 3. Nf3 e6 4. e3 Bd6 5. Nc3 O-O 6. Nb5 Nc6 7. Nxd6 cxd6 8. Be2 e5 9. O-O Bf5 10. Nh4 Qd7 11. Nxf5 Qxf5 12. f4 Qd7 13. Kh1 Ne4 14. d3 Nc5 15. fxe5 dxe5 16. e4 dxe4 17. dxe4 Qxd1 18. Raxd1 Nxe4 19. Rd7 Rab8 20. Bc4 Nf6 21. Rc7 Nd4 22. Ba3 Rfc8 23. Bxf7+ Kh8 24. Bd6 Rxc7 25. Bxc7 Rf8 26. Bxe5 Nxc2 27. Rxf6 Ne3 28. Rf3 Ng4 29. Bd4 h6 30. Bg6 Rd8 31. h3 1-0

[Event "KW Masters"]
[Site "Kitchener CAN"]
[Date "2008.04.05"]
[Round "?"]
[White "Humphreys, Michael"]
[Black "Raats, Daniel"]
[Result "1/2-1/2"]
[WhiteElo "2068"]
[BlackElo "2085"]
[PlyCount "50"]
[GameId "2160767910351203"]
[EventDate "2008.04.05"]
[EventType "tourn"]
[EventRounds "7"]
[EventCountry "CAN"]

1. Nf3 d5 2. g3 Bg4 3. Bg2 Nd7 4. c4 e6 5. O-O dxc4 6. Qa4 c6 7. Qxc4 Bxf3 8. Bxf3 Ne5 9. Qb3 Nxf3+ 10. Qxf3 Nf6 11. b3 Qd5 12. Qg2 Qe5 13. Nc3 Bb4 14. Qf3 O-O-O 15. a3 Bxc3 16. dxc3 Qe4 17. Kg2 Qxf3+ 18. Kxf3 Nd5 19. c4 Ne7 20. Be3 b6 21. a4 Nf5 22. a5 Nxe3 23. Kxe3 Kb7 24. axb6 axb6 25. Ra2 Ra8 1/2-1/2

[Event "KW Masters"]
[Site "Kitchener CAN"]
[Date "2008.04.05"]
[Round "?"]
[White "Whissell, Mavros"]
[Black "Sundar, Avinaash"]
[Result "1/2-1/2"]
[WhiteElo "1978"]
[BlackElo "2173"]
[PlyCount "76"]
[GameId "2160767910351204"]
[EventDate "2008.04.05"]
[EventType "tourn"]
[EventRounds "7"]
[EventCountry "CAN"]

1. e4 c5 2. Nc3 Nc6 3. g3 g6 4. Bg2 Bg7 5. d3 d6 6. f4 e6 7. Nf3 Nge7 8. O-O O-O 9. Be3 Nd4 10. e5 Nef5 11. Bf2 dxe5 12. fxe5 Nxf3+ 13. Qxf3 Nd4 14. Qd1 Bxe5 15. Ne4 Nf5 16. c3 c4 17. dxc4 Qc7 18. Qe2 Bd7 19. Nc5 Bc6 20. Bxc6 bxc6 21. Nd7 Bxg3 22. Nf6+ Kg7 23. Bxg3 Nxg3 24. hxg3 Qxg3+ 25. Qg2 Qe3+ 26. Rf2 Rad8 27. Raf1 Rd3 28. Qe4 Qg5+ 29. Rg2 Qc5+ 30. Kh1 Rfd8 31. Qf4 Rh3+ 32. Rh2 Rxh2+ 33. Qxh2 Qxc4 34. Qxh7+ Kf8 35. Qh8+ Ke7 36. Ng8+ Kd6 37. Rd1+ Kc5 38. Rxd8 Qf1+ 1/2-1/2

[Event "KW Masters"]
[Site "Kitchener CAN"]
[Date "2008.04.06"]
[Round "?"]
[White "Raats, Daniel"]
[Black "Raheb, David"]
[Result "1/2-1/2"]
[WhiteElo "2085"]
[BlackElo "2246"]
[PlyCount "60"]
[GameId "2160767910351205"]
[EventDate "2008.04.05"]
[EventType "tourn"]
[EventRounds "7"]
[EventCountry "CAN"]

1. e4 c5 2. Nf3 d6 3. Bb5+ Nc6 4. O-O Bd7 5. Re1 Nf6 6. c3 a6 7. Bf1 Bg4 8. d3 e6 9. Nbd2 Be7 10. h3 Bh5 11. g3 O-O 12. Bg2 Rc8 13. g4 Bg6 14. Nh4 Nd7 15. Nxg6 hxg6 16. Qc2 g5 17. Nf3 Nde5 18. Be3 b5 19. Qd2 f6 20. Red1 Qa5 21. b3 b4 22. c4 Nxf3+ 23. Bxf3 e5 24. Kg2 Kf7 25. Rh1 Rh8 26. Rh2 Qb6 27. Rah1 Rh4 28. Bd1 Nd4 29. f3 Ne6 30. Bf2 Nf4+ 1/2-1/2

[Event "KW Masters"]
[Site "Kitchener CAN"]
[Date "2008.04.06"]
[Round "?"]
[White "Sundar, Avinaash"]
[Black "Demmery, Steve"]
[Result "1-0"]
[WhiteElo "2173"]
[BlackElo "2078"]
[PlyCount "125"]
[GameId "2160767910351206"]
[EventDate "2008.04.05"]
[EventType "tourn"]
[EventRounds "7"]
[EventCountry "CAN"]

1. c4 e5 2. Nc3 Nf6 3. g3 Bc5 4. Bg2 O-O 5. d3 Nc6 6. Nf3 h6 7. O-O d6 8. Rb1 Re8 9. Nd2 Bg4 10. a3 a5 11. h3 Be6 12. Nd5 Ra7 13. Kh2 a4 14. Nc3 Qa8 15. Nb5 Bb6 16. Nxa7 Qxa7 17. e3 Ne7 18. b4 c6 19. Bb2 Ng6 20. Rc1 h5 21. Nf3 Bc7 22. Qe2 Qb8 23. Ng5 Bd7 24. Ne4 h4 25. Nxf6+ gxf6 26. e4 Kg7 27. Rce1 Rh8 28. Bc1 Bb6 29. g4 Bd4 30. Kh1 Qa7 31. f4 exf4 32. Bxf4 Nxf4 33. Rxf4 Be5 34. Rff1 Qd4 35. Qf3 Be6 36. Re2 Qc3 37. Qe3 Kh7 38. g5 Rg8 39. gxf6 Rg3 40. Rf3 Rxf3 41. Qxf3 Bxf6 42. Bf1 Kg7 43. Qf4 Qd4 44. Rg2+ Kf8 45. Rf2 Ke7 46. Kg2 Qc3 47. c5 dxc5 48. bxc5 Be5 49. Qxh4+ Kd7 50. Be2 Bd4 51. Rf1 Qxa3 52. Bg4 Qa2+ 53. Kh1 Ke8 54. Qg5 Bxg4 55. hxg4 Qe6 56. Qf4 Be5 57. Qf2 a3 58. d4 Bg7 59. e5 a2 60. Ra1 Qxg4 61. Rxa2 Qh3+ 62. Kg1 Bh6 63. Ra8+ 1-0

[Event "KW Masters"]
[Site "Kitchener CAN"]
[Date "2008.04.05"]
[Round "2"]
[White "Jung, Hans"]
[Black "Raats, Daniel"]
[Result "1-0"]
[WhiteElo "2216"]
[BlackElo "2085"]
[PlyCount "83"]
[GameId "2160767910351207"]
[EventDate "2008.04.05"]
[EventType "tourn"]
[EventRounds "7"]
[EventCountry "CAN"]

1. e4 e6 2. Qe2 c5 3. g3 Nc6 4. Nf3 g6 5. Bg2 Bg7 6. O-O d6 7. c3 Nge7 8. a4 Na5 9. d4 Bd7 10. dxc5 dxc5 11. Be3 Qc7 12. Nbd2 O-O 13. e5 Nd5 14. Ne4 c4 15. Bc5 Rfe8 16. Bd6 Qb6 17. Nd4 Nc6 18. Bc5 Qa5 19. f4 Nxd4 20. cxd4 b6 21. Ba3 Bc6 22. Nd6 Red8 23. Qxc4 Qxa4 24. Qd3 Rxd6 25. Bxd6 Qb5 26. Qxb5 Bxb5 27. Rfc1 a5 28. Bxd5 exd5 29. b3 Bf8 30. Bxf8 Kxf8 31. Rc7 Bd3 32. Rb7 b5 33. Rc1 a4 34. bxa4 Rxa4 35. Rcc7 Bf5 36. Rxf7+ Ke8 37. Rxh7 Ra1+ 38. Kf2 Ra2+ 39. Ke1 Ra1+ 40. Kd2 Ra2+ 41. Kc3 Rc2+ 42. Kb3 1-0

[Event "KW Masters"]
[Site "Kitchener CAN"]
[Date "2008.04.12"]
[Round "4"]
[White "Raats, Daniel"]
[Black "Jung, Hans"]
[Result "1/2-1/2"]
[WhiteElo "2085"]
[BlackElo "2216"]
[PlyCount "95"]
[GameId "2160767910351208"]
[EventDate "2008.04.05"]
[EventType "tourn"]
[EventRounds "7"]
[EventCountry "CAN"]

1. e4 d5 2. exd5 Qxd5 3. Nf3 Nf6 4. d4 Bg4 5. Be2 e6 6. c4 Bb4+ 7. Nc3 Bxc3+ 8. bxc3 Qa5 9. Qc2 O-O 10. O-O c6 11. Bf4 Nbd7 12. Rfb1 b6 13. Bd6 Rfe8 14. h3 Bxf3 15. Bxf3 Rac8 16. Bg3 Qa6 17. Be2 e5 18. c5 Qb7 19. cxb6 axb6 20. dxe5 Nxe5 21. Qb3 Rb8 22. Bf1 Ne4 23. Bf4 Qc7 24. Qc2 Nc5 25. Re1 Nf3+ 26. gxf3 Qxf4 27. Bg2 b5 28. Re2 g6 29. Rae1 Red8 30. Re3 Kg7 31. Rc1 Rd5 32. Rd1 Rbd8 33. Rxd5 Rxd5 34. c4 bxc4 35. Qc3+ Kh6 36. Re1 Nd3 37. Re4 Qg5 38. Rg4 Qc1+ 39. Qxc1+ Nxc1 40. Rxc4 Rd1+ 41. Kh2 Nxa2 42. Rxc6 Rd2 43. Rc7 Kg7 44. Kg3 Nb4 45. Bf1 Rd6 46. Bc4 Rf6 47. f4 h5 48. h4 1/2-1/2

[Event "KW Masters"]
[Site "Kitchener CAN"]
[Date "2008.04.13"]
[Round "5"]
[White "Jung, Hans"]
[Black "Raheb, David"]
[Result "0-1"]
[WhiteElo "2216"]
[BlackElo "2246"]
[PlyCount "99"]
[GameId "2160767910351209"]
[EventDate "2008.04.05"]
[EventType "tourn"]
[EventRounds "7"]
[EventCountry "CAN"]

1. e4 c5 2. Nf3 d6 3. h3 g6 4. c3 Nf6 5. d3 Bg7 6. g3 O-O 7. Bg2 Qc7 8. O-O Nc6 9. Re1 e5 10. Na3 a6 11. Be3 b5 12. Qd2 Re8 13. Bh6 Bh8 14. Nc2 Bb7 15. a4 Na5 16. Qg5 c4 17. Qh4 cxd3 18. Nb4 Nb3 19. Rad1 Nc5 20. axb5 axb5 21. Nd2 Nfd7 22. Bf1 Bf6 23. Qg4 Bg7 24. Bxg7 Kxg7 25. Qh4 Nb6 26. Nxd3 Nxd3 27. Bxd3 Nc4 28. Bxc4 bxc4 29. Ra1 Qc6 30. Qg4 d5 31. Rxa8 Bxa8 32. Qe2 f6 33. Ra1 Rb8 34. Ra7+ Kh8 35. Qe3 dxe4 36. Qh6 Bb7 37. Kf1 e3 38. Qxe3 Rd8 39. Ke2 Bc8 40. Qh6 Bd7 41. Qh4 e4 42. Qf4 e3 43. Nf3 exf2 44. Kxf2 Bxh3 45. Qc7 Qxc7 46. Rxc7 Rb8 47. Rxc4 Rxb2+ 48. Ke3 Rg2 49. Rh4 Bf5 50. Rc4 0-1

[Event "KW Masters"]
[Site "Kitchener CAN"]
[Date "2008.04.13"]
[Round "6"]
[White "Jung, Hans"]
[Black "Humphreys, Michael"]
[Result "0-1"]
[WhiteElo "2216"]
[BlackElo "2068"]
[PlyCount "120"]
[GameId "2160767910351210"]
[EventDate "2008.04.05"]
[EventType "tourn"]
[EventRounds "7"]
[EventCountry "CAN"]

1. e4 c5 2. Nf3 Nc6 3. g3 g6 4. Bg2 Bg7 5. d3 d6 6. O-O e5 7. Nbd2 Nge7 8. h3 O-O 9. c3 h6 10. Nh2 Be6 11. f4 exf4 12. gxf4 f5 13. Qe2 Qd7 14. Qe3 Nd4 15. Qf2 Nc2 16. Rb1 Bxa2 17. Kh1 Rab8 18. exf5 gxf5 19. Rg1 Kh8 20. b3 Bxb1 21. Nxb1 Na1 22. Qa2 Nxb3 23. Qxb3 b5 24. Bb2 Nc6 25. Nf3 Kh7 26. Nh4 Ne7 27. Bf3 Bf6 28. Ng2 b4 29. c4 Bxb2 30. Qxb2 Rg8 31. Nd2 a5 32. Kh2 a4 33. Ne4 fxe4 34. Bxe4+ Nf5 35. Nh4 Rbf8 36. Rxg8 Kxg8 37. Ng6 Qg7 38. Bd5+ Kh7 39. Nxf8+ Qxf8 40. Be4 Qf7 41. d4 Qg6 42. Qf2 Kg7 43. dxc5 dxc5 44. Qb2+ Kf7 45. Qe5 Qg3+ 46. Kh1 Qe1+ 47. Kh2 Qg3+ 48. Kh1 Qe1+ 49. Kh2 Qg3+ 50. Kh1 Qxh3+ 51. Kg1 Qg4+ 52. Kf2 Qg3+ 53. Kf1 Qh3+ 54. Kg1 Qe3+ 55. Kg2 Qd2+ 56. Kh3 Qc3+ 57. Qxc3 bxc3 58. Bxf5 a3 59. Bb1 c2 60. Bxc2 a2 0-1

[Event "KW Masters"]
[Site "Kitchener CAN"]
[Date "2008.04.13"]
[Round "7"]
[White "Demmery, Steve"]
[Black "Jung, Hans"]
[Result "1-0"]
[WhiteElo "2078"]
[BlackElo "2216"]
[PlyCount "65"]
[GameId "2160767910351211"]
[EventDate "2008.04.05"]
[EventType "tourn"]
[EventRounds "7"]
[EventCountry "CAN"]

1. d4 d6 2. e4 e5 3. d5 f5 4. Nd2 fxe4 5. Nxe4 Nf6 6. Bg5 Be7 7. Bxf6 Bxf6 8. Qh5+ g6 9. Qh6 Bf5 10. Bd3 Bxe4 11. Bxe4 Nd7 12. Ne2 Qe7 13. Nc3 Bg5 14. Bxg6+ Kd8 15. Qh3 Qf6 16. Bf5 Rf8 17. g4 h6 18. Ne4 Qg7 19. Qb3 b6 20. Qb5 Nb8 21. Qc4 Bf4 22. Nxd6 Rxf5 23. Nxf5 Qxg4 24. Ne3 Qg6 25. O-O-O Qd6 26. Kb1 Bxe3 27. fxe3 Kc8 28. Rhg1 Kb7 29. Rg8 a6 30. Qg4 Nd7 31. Rxa8 Kxa8 32. Rf1 Qxd5 33. Rd1 1-0

[Event "Kent Oliver mem."]
[Site "Winnipeg CAN"]
[Date "2008.01.11"]
[Round "1"]
[White "Bince, Rolando"]
[Black "Desjarlais, Kevin"]
[Result "1-0"]
[WhiteElo "1909"]
[BlackElo "1513"]
[PlyCount "40"]
[GameId "2160767910549132"]
[EventDate "2008.01.11"]
[EventType "swiss"]
[EventRounds "5"]
[EventCountry "CAN"]
[SourceTitle "EXT 2011"]
[Source "ChessBase"]
[SourceDate "2011.11.26"]
[SourceVersion "1"]
[SourceVersionDate "2011.11.26"]
[SourceQuality "1"]

1. e4 e6 2. d4 d5 3. Nd2 Nf6 4. Bd3 Be7 5. Ngf3 c5 6. c3 Nc6 7. O-O O-O 8. Re1 Qb6 9. exd5 Nxd5 10. Nc4 Qc7 11. Ng5 Nf6 12. Ne5 h6 13. Ngf3 cxd4 14. Nxc6 Qxc6 15. Ne5 Qc7 16. cxd4 Rd8 17. Bf4 Qb6 18. Be3 Nd5 19. Qh5 Nf6 20. Qxf7+ Kh8 1-0

[Event "Kent Oliver mem."]
[Site "Winnipeg CAN"]
[Date "2008.01.11"]
[Round "1"]
[White "Gannon, Keith"]
[Black "Nikouline, Alexandre"]
[Result "0-1"]
[WhiteElo "1681"]
[BlackElo "2109"]
[PlyCount "78"]
[GameId "2160767910549133"]
[EventDate "2008.01.11"]
[EventType "swiss"]
[EventRounds "5"]
[EventCountry "CAN"]
[SourceTitle "EXT 2011"]
[Source "ChessBase"]
[SourceDate "2011.11.26"]
[SourceVersion "1"]
[SourceVersionDate "2011.11.26"]
[SourceQuality "1"]

1. e4 c5 2. Nf3 Nc6 3. c3 d5 4. e5 Bg4 5. Bb5 Qb6 6. Qe2 Bxf3 7. Bxc6+ Qxc6 8. Qxf3 e6 9. O-O c4 10. b3 Qc7 11. Re1 Ne7 12. Ba3 Ng6 13. Bxf8 Rxf8 14. Qe2 Nf4 15. Qf3 Nd3 16. Re3 f6 17. exf6 Rxf6 18. Qxd5 Qf7 19. Qb5+ Kf8 20. Qxc4 Nxf2 21. Qc5+ Kg8 22. Na3 Rf8 23. Qc4 Ng4 24. Ree1 Qh5 25. h3 Ne5 26. Qe2 Nf3+ 27. gxf3 Qxh3 28. Rf1 Rg6+ 29. Kf2 Rg2+ 30. Ke3 Rxe2+ 31. Kxe2 Qh2+ 32. Rf2 Qe5+ 33. Kd1 Qc5 34. d4 Qxa3 35. c4 Qa5 36. f4 Qc3 37. Rc1 Qxd4+ 38. Ke2 Qe4+ 39. Kf1 Qh1+ 0-1

[Event "Kent Oliver mem."]
[Site "Winnipeg CAN"]
[Date "2008.01.11"]
[Round "1"]
[White "Gibbons, Lorne"]
[Black "Greenberg, Harley"]
[Result "0-1"]
[WhiteElo "1273"]
[BlackElo "1820"]
[PlyCount "30"]
[GameId "2160767910549134"]
[EventDate "2008.01.11"]
[EventType "swiss"]
[EventRounds "5"]
[EventCountry "CAN"]
[SourceTitle "EXT 2011"]
[Source "ChessBase"]
[SourceDate "2011.11.26"]
[SourceVersion "1"]
[SourceVersionDate "2011.11.26"]
[SourceQuality "1"]

1. d4 Nf6 2. c4 e6 3. a3 c5 4. Be3 cxd4 5. Bxd4 Nc6 6. Bc3 Be7 7. Nd2 d5 8. cxd5 exd5 9. b4 O-O 10. e3 Re8 11. Ngf3 d4 12. Bxd4 Bxb4 13. axb4 Nxd4 14. Bd3 Nc6 15. Rb1 Qxd3 0-1

[Event "Kent Oliver mem."]
[Site "Winnipeg CAN"]
[Date "2008.01.11"]
[Round "1"]
[White "Goodman, Clifford"]
[Black "Liu, Weixi"]
[Result "0-1"]
[WhiteElo "1537"]
[BlackElo "1922"]
[PlyCount "48"]
[GameId "2160767910549135"]
[EventDate "2008.01.11"]
[EventType "swiss"]
[EventRounds "5"]
[EventCountry "CAN"]
[SourceTitle "EXT 2011"]
[Source "ChessBase"]
[SourceDate "2011.11.26"]
[SourceVersion "1"]
[SourceVersionDate "2011.11.26"]
[SourceQuality "1"]

1. c4 c6 2. Nf3 d5 3. b3 Nf6 4. Bb2 e6 5. g3 Be7 6. Bg2 O-O 7. O-O Nbd7 8. d4 b6 9. Nbd2 Bb7 10. Rc1 c5 11. Re1 Rc8 12. cxd5 Bxd5 13. e4 Ba8 14. dxc5 Nxc5 15. Bxf6 Bxf6 16. e5 Be7 17. Nc4 Nd3 18. Qe2 Nxc1 19. Rxc1 Qc7 20. Rd1 Rfd8 21. Nd4 Bxg2 22. Kxg2 Rd5 23. Qg4 Qb7 24. Kh3 Qd7 0-1

[Event "Kent Oliver mem."]
[Site "Winnipeg CAN"]
[Date "2008.01.11"]
[Round "1"]
[White "Kaptsan, Aron"]
[Black "Remillard, John"]
[Result "1-0"]
[WhiteElo "1985"]
[BlackElo "1641"]
[PlyCount "135"]
[GameId "2160767910549136"]
[EventDate "2008.01.11"]
[EventType "swiss"]
[EventRounds "5"]
[EventCountry "CAN"]
[SourceTitle "EXT 2011"]
[Source "ChessBase"]
[SourceDate "2011.11.26"]
[SourceVersion "1"]
[SourceVersionDate "2011.11.26"]
[SourceQuality "1"]

1. e4 e5 2. Bc4 Nc6 3. c3 Nf6 4. Qe2 Bc5 5. Bb3 O-O 6. d3 d5 7. h3 dxe4 8. dxe4 Qd6 9. Nd2 Be6 10. Bc2 Rfd8 11. Nf1 Ne8 12. g4 Rd7 13. Ng3 Rad8 14. Nf3 Qe7 15. O-O Nd6 16. b3 a6 17. Nf5 Bxf5 18. gxf5 Nb5 19. Bb2 Qf6 20. a4 Nd6 21. Rad1 Qh6 22. Kg2 Ne8 23. Rxd7 Rxd7 24. Rd1 Rxd1 25. Qxd1 Qd6 26. b4 Qxd1 27. Bxd1 Bd6 28. Bb3 h6 29. Nd2 Kf8 30. Nc4 f6 31. Kf3 Be7 32. Bc1 Nd6 33. Be3 b5 34. Nxd6 Bxd6 35. Ke2 Ne7 36. axb5 axb5 37. Be6 Ke8 38. Kd3 Nc6 39. Kc2 Ke7 40. Kb3 Nd8 41. Bg8 Kf8 42. Bh7 Nf7 43. c4 bxc4+ 44. Kxc4 Nd8 45. b5 Nf7 46. Kd5 Ng5 47. Bxg5 hxg5 48. b6 Ke7 49. b7 c5 50. Kc6 c4 51. Bg8 c3 52. Bb3 Bb8 53. Kb6 Kd6 54. Ba4 Ke7 55. Kc5 Kd8 56. Kc6 Ke7 57. Kd5 Kf7 58. Kc4 Ke7 59. Kxc3 Kd6 60. Kc4 Kc7 61. Kd5 Kxb7 62. Ke6 Ba7 63. f3 Be3 64. Kf7 g4 65. fxg4 Bh6 66. Kg6 Kb6 67. h4 Kc5 68. g5 1-0

[Event "Kent Oliver mem."]
[Site "Winnipeg CAN"]
[Date "2008.01.11"]
[Round "1"]
[White "Letain, Cory"]
[Black "Atem, James"]
[Result "0-1"]
[WhiteElo "1362"]
[BlackElo "1842"]
[PlyCount "106"]
[GameId "2160767910549137"]
[EventDate "2008.01.11"]
[EventType "swiss"]
[EventRounds "5"]
[EventCountry "CAN"]
[SourceTitle "EXT 2011"]
[Source "ChessBase"]
[SourceDate "2011.11.26"]
[SourceVersion "1"]
[SourceVersionDate "2011.11.26"]
[SourceQuality "1"]

1. d4 Nf6 2. c4 e6 3. Nf3 c5 4. d5 exd5 5. cxd5 d6 6. Nc3 Be7 7. e4 Bg4 8. Bb5+ Nbd7 9. O-O a6 10. Bxd7+ Nxd7 11. Bf4 h5 12. h3 g5 13. Bh2 Bxf3 14. Qxf3 Nf6 15. Rfe1 g4 16. Qd3 gxh3 17. Qxh3 Qd7 18. Qxd7+ Nxd7 19. e5 O-O-O 20. exd6 Bf6 21. Re3 b5 22. Rae1 Rhg8 23. b3 Rg5 24. Bf4 Rf5 25. Bh2 Bxc3 26. Rxc3 Rxd5 27. Rce3 f6 28. f3 Kb7 29. Re8 Rxe8 30. Rxe8 Rd1+ 31. Kf2 Rd2+ 32. Re2 Rxe2+ 33. Kxe2 Kc6 34. Kd2 Kd5 35. Kc3 f5 36. g3 a5 37. Kd3 c4+ 38. bxc4+ bxc4+ 39. Kc3 Nb6 40. Kc2 Kc5 41. Kc3 Kb5 42. Kd4 Kb4 43. Ke5 c3 44. Bg1 c2 45. Be3 Nc4+ 46. Ke6 Nxe3 47. d7 c1=Q 48. d8=Q Qc4+ 49. Kf6 f4 50. Qb6+ Qb5 51. a3+ Ka4 52. Qd4+ Kxa3 53. Qc3+ Ka2 0-1

[Event "Kent Oliver mem."]
[Site "Winnipeg CAN"]
[Date "2008.01.11"]
[Round "1"]
[White "Lipnowski, Samuel"]
[Black "Green, Jim"]
[Result "1-0"]
[WhiteElo "2290"]
[BlackElo "1701"]
[PlyCount "133"]
[GameId "2160767910549138"]
[EventDate "2008.01.11"]
[EventType "swiss"]
[EventRounds "5"]
[EventCountry "CAN"]
[SourceTitle "EXT 2011"]
[Source "ChessBase"]
[SourceDate "2011.11.26"]
[SourceVersion "1"]
[SourceVersionDate "2011.11.26"]
[SourceQuality "1"]

1. e4 d6 2. d4 Nf6 3. Nc3 c6 4. a4 a5 5. Nf3 Bg4 6. Be2 Qc7 7. O-O e5 8. dxe5 dxe5 9. Nd2 Bxe2 10. Qxe2 Bc5 11. Nc4 O-O 12. Be3 Nbd7 13. Bxc5 Nxc5 14. Qe3 Ne6 15. Ne2 Rfe8 16. Ra3 Nd4 17. Nxd4 exd4 18. Qxd4 Rxe4 19. Qd6 Qe7 20. Qxe7 Rxe7 21. Rb3 Nd5 22. g3 g6 23. Rd1 h5 24. c3 Kg7 25. Rd4 Kf8 26. Kg2 Nf6 27. h3 Nd5 28. Kf3 Kg7 29. Nd6 Rb8 30. Ne4 Kf8 31. Nc5 Kg7 32. Nd3 Nc7 33. h4 Na6 34. Kf4 c5 35. Rc4 b6 36. Ne5 Rbb7 37. Nf3 Nb8 38. Ng5 Nc6 39. Re4 Red7 40. Ke3 Ne7 41. Ke2 Nf5 42. Nf3 Ne7 43. Nd2 Nc8 44. Nc4 Kf8 45. Kf3 Kg7 46. Re8 Nd6 47. Nxd6 Rxd6 48. Rc8 Rdd7 49. Rc6 c4 50. Rbxb6 Rd3+ 51. Kg2 Re7 52. Rxc4 Re2 53. Rb5 Rdd2 54. Rf4 Rxb2 55. Rxa5 Rb7 56. Rb5 Ra7 57. Rbb4 Rc2 58. c4 Ra2 59. c5 Rc2 60. Rfc4 Ra2 61. c6 Rc7 62. Rb7 Rxb7 63. cxb7 Rb2 64. Rc7 Kf6 65. a5 Ke6 66. a6 Kd6 67. Rc8 1-0

[Event "Kent Oliver mem."]
[Site "Winnipeg CAN"]
[Date "2008.01.11"]
[Round "1"]
[White "Rutter, Blair"]
[Black "Crawford, Gary"]
[Result "1-0"]
[WhiteElo "1828"]
[BlackElo "1336"]
[PlyCount "103"]
[GameId "2160767910549139"]
[EventDate "2008.01.11"]
[EventType "swiss"]
[EventRounds "5"]
[EventCountry "CAN"]
[SourceTitle "EXT 2011"]
[Source "ChessBase"]
[SourceDate "2011.11.26"]
[SourceVersion "1"]
[SourceVersionDate "2011.11.26"]
[SourceQuality "1"]

1. c4 c6 2. Nc3 Nf6 3. e4 d5 4. cxd5 cxd5 5. e5 Ne4 6. Nxe4 dxe4 7. Qa4+ Nc6 8. Qxe4 Qd4 9. Qxd4 Nxd4 10. Bd3 b6 11. Ne2 Nxe2 12. Bxe2 Bb7 13. O-O a6 14. d4 e6 15. Be3 b5 16. Rac1 Bd5 17. a3 Be7 18. Rc3 b4 19. axb4 Bxb4 20. Rc7 O-O 21. Bg5 a5 22. Rfc1 Rab8 23. Bc4 Bxc4 24. R1xc4 h6 25. Be3 Rfd8 26. f4 Bf8 27. Bc1 g6 28. Kf2 h5 29. Ra7 Rdc8 30. Rac7 Rxc7 31. Rxc7 Rb5 32. Ke3 Bb4 33. Kd3 Be1 34. Kc4 Rd5 35. Rc5 Bb4 36. Rxd5 exd5+ 37. Kxd5 Kf8 38. Be3 Ke7 39. h3 Kd7 40. g4 hxg4 41. hxg4 Kc7 42. f5 gxf5 43. gxf5 Kd8 44. Bg5+ Ke8 45. e6 fxe6+ 46. Kxe6 Kf8 47. d5 a4 48. d6 Bxd6 49. Kxd6 Kf7 50. Kc5 a3 51. bxa3 Kg7 52. a4 1-0

[Event "Kent Oliver mem."]
[Site "Winnipeg CAN"]
[Date "2008.01.12"]
[Round "2"]
[White "Atem, James"]
[Black "Kaptsan, Aron"]
[Result "0-1"]
[WhiteElo "1842"]
[BlackElo "1985"]
[PlyCount "106"]
[GameId "2160767910549140"]
[EventDate "2008.01.11"]
[EventType "swiss"]
[EventRounds "5"]
[EventCountry "CAN"]
[SourceTitle "EXT 2011"]
[Source "ChessBase"]
[SourceDate "2011.11.26"]
[SourceVersion "1"]
[SourceVersionDate "2011.11.26"]
[SourceQuality "1"]

1. c4 Nf6 2. g3 c5 3. Bg2 e6 4. Nc3 a6 5. Nf3 Qc7 6. O-O b6 7. d4 cxd4 8. Nxd4 Bb7 9. Bxb7 Qxb7 10. Bg5 Be7 11. Qd3 d6 12. b4 O-O 13. b5 a5 14. a4 h6 15. Bc1 Rc8 16. Ba3 Ra7 17. Rac1 Qd7 18. Nb1 Rac7 19. e4 d5 20. cxd5 Rxc1 21. Rxc1 Rxc1+ 22. Bxc1 exd5 23. exd5 Qxd5 24. Nc3 Qc5 25. Nf5 Nbd7 26. Be3 Qe5 27. Bd4 Qe6 28. Nxe7+ Qxe7 29. Qf3 Qe1+ 30. Kg2 Qd2 31. Nd5 Qxd4 32. Ne7+ Kf8 33. Nf5 Qd5 34. Ne3 Qxf3+ 35. Kxf3 Nc5 36. Nc4 Nxa4 37. h3 Ke7 38. Ke2 Ne4 39. Ke3 Nd6 40. Ne5 Nxb5 41. f4 Nd6 42. g4 Nc5 43. f5 a4 44. Kd4 a3 45. Nc6+ Kf6 46. Nb4 Kg5 47. Kc3 Kh4 48. Nd5 b5 49. Ne3 Kxh3 50. Kb4 a2 51. Nc2 Nd3+ 52. Kb3 Ne1 53. Na1 Kxg4 0-1

[Event "Kent Oliver mem."]
[Site "Winnipeg CAN"]
[Date "2008.01.12"]
[Round "2"]
[White "Crawford, Gary"]
[Black "Goodman, Clifford"]
[Result "0-1"]
[WhiteElo "1336"]
[BlackElo "1537"]
[PlyCount "45"]
[GameId "2160767910549141"]
[EventDate "2008.01.11"]
[EventType "swiss"]
[EventRounds "5"]
[EventCountry "CAN"]
[SourceTitle "EXT 2011"]
[Source "ChessBase"]
[SourceDate "2011.11.26"]
[SourceVersion "1"]
[SourceVersionDate "2011.11.26"]
[SourceQuality "1"]

1. e4 c5 2. Nf3 Nc6 3. c3 d5 4. e5 Bg4 5. Be2 Bxf3 6. Bxf3 Nxe5 7. Qa4+ Nc6 8. c4 e6 9. O-O Nf6 10. Nc3 Be7 11. Re1 O-O 12. d3 Nd4 13. Re3 Nxf3+ 14. Rxf3 d4 15. Ne2 Qc7 16. Nf4 e5 17. Nd5 Nxd5 18. cxd5 Bd6 19. h4 f5 20. Rh3 e4 21. Qc2 Rae8 22. b4 exd3 23. Qd2 0-1

[Event "Kent Oliver mem."]
[Site "Winnipeg CAN"]
[Date "2008.01.12"]
[Round "2"]
[White "Desjarlais, Kevin"]
[Black "Gannon, Keith"]
[Result "0-1"]
[WhiteElo "1513"]
[BlackElo "1681"]
[PlyCount "85"]
[GameId "2160767910549142"]
[EventDate "2008.01.11"]
[EventType "swiss"]
[EventRounds "5"]
[EventCountry "CAN"]
[SourceTitle "EXT 2011"]
[Source "ChessBase"]
[SourceDate "2011.11.26"]
[SourceVersion "1"]
[SourceVersionDate "2011.11.26"]
[SourceQuality "1"]

1. e4 d6 2. d4 Nf6 3. Nc3 e6 4. Bg5 Be7 5. Bd3 e5 6. dxe5 dxe5 7. Nf3 Nbd7 8. O-O O-O 9. Qe2 c6 10. Rad1 Qc7 11. Nh4 Nc5 12. Nf5 Bxf5 13. exf5 Nxd3 14. Rxd3 Ne8 15. Ne4 f6 16. Be3 Nd6 17. Nc5 Rf7 18. Ne6 Qc8 19. Qg4 Ne8 20. Rfd1 Nc7 21. Rd7 Nd5 22. Bh6 Qxd7 23. Bxg7 Bf8 24. Bxf6+ Bg7 25. c4 Rxf6 26. cxd5 cxd5 27. Rxd5 Qe7 28. Rxe5 Rc8 29. h4 Rc1+ 30. Kh2 Rc6 31. Re3 Qd6+ 32. Rg3 Rf7 33. Nxg7 Kh8 34. Ne6 Rc8 35. Qh5 Qe7 36. Qh6 Rc4 37. Kh3 Rc2 38. Nf4 Rc6 39. Ng6+ Rxg6 40. Rxg6 Qe5 41. f6 Qf5+ 42. Kh2 Qxg6 43. Qg5 0-1

[Event "Kent Oliver mem."]
[Site "Winnipeg CAN"]
[Date "2008.01.12"]
[Round "2"]
[White "Green, Jim"]
[Black "Letain, Cory"]
[Result "1-0"]
[WhiteElo "1701"]
[BlackElo "1362"]
[PlyCount "51"]
[GameId "2160767910549143"]
[EventDate "2008.01.11"]
[EventType "swiss"]
[EventRounds "5"]
[EventCountry "CAN"]
[SourceTitle "EXT 2011"]
[Source "ChessBase"]
[SourceDate "2011.11.26"]
[SourceVersion "1"]
[SourceVersionDate "2011.11.26"]
[SourceQuality "1"]

1. e4 e5 2. Nf3 Nf6 3. Nxe5 d6 4. Nf3 Nxe4 5. c4 Be7 6. Be2 O-O 7. O-O Nc6 8. Nc3 Nxc3 9. dxc3 Be6 10. b3 Ne5 11. Qc2 Qd7 12. Nxe5 dxe5 13. Rd1 Qc8 14. Be3 Bg4 15. Bxg4 Qxg4 16. f3 Qh5 17. Rd7 Bd6 18. c5 Bxc5 19. Bxc5 Rfe8 20. Bf2 Re6 21. Rad1 f5 22. b4 e4 23. fxe4 f4 24. Qb3 Qg6 25. Bd4 Qxe4 26. Bf2 1-0